00442nam a22001217a 4500020001600000040001100016082001500027100001800042245017400060260003500234300002800269650002300297 qHard Cover. cSINES. a570.2bHar aMah e Hareem. aIntegrated Machine Learning and Pharmacoinformatics Modeling Protocol for the Prediction of Angiotensin II Inhibition in Pulmonary Arterial Hypertension /cMahe e Hareem aIslamabad:bSINES-NUST,c2022. a128 p. :bill. ;c35cm. xMS-Bioinformatics.